[Event "Barnaul Lepikhin Memorial"]
[Site "Barnaul"]
[Date "2013.03.14"]
[Round "6"]
[White "Bykovsky, Vladimir"]
[Black "Markova, Elizaveta"]
[Result "0-1"]
[WhiteElo "2048"]
[BlackElo "1840"]
[PlyCount "36"]
[EventDate "2013.03.09"]
[EventType "swiss"]
[EventRounds "9"]
[EventCountry "RUS"]
[SourceTitle "CBM 153 Extra"]
[Source "ChessBase"]
[SourceDate "2013.04.22"]
[SourceVersion "1"]
[SourceVersionDate "2013.04.22"]
[SourceQuality "1"]

1. d4 d5 2. c4 c6 3. Nf3 Nf6 4. Nc3 e6 5. Bg5 Nbd7 6. e3 Be7 7. Bd3 h6 8. Bh4 dxc4 9. Bxc4 b5 10. Bd3 a6 11. 0-0 0-0 12. Rc1 Bb7 13. Qe2 c5 14. dxc5 Nxc5 15. Bc2 Nd5 16. Nxd5 Bxh4 17. Nxh4 Bxd5 18. Nf3 Bc4 0-1

[Event "Novosibirsk-ch Seniors op"]
[Site "Novosibirsk"]
[Date "2008.09.26"]
[Round "2"]
[White "Bykovsky, Vladimir"]
[Black "Chesnokov, Gennady"]
[Result "0-1"]
[WhiteElo "2053"]
[BlackElo "2003"]
[PlyCount "68"]
[EventDate "2008.09.25"]
[EventType "swiss"]
[EventRounds "9"]
[EventCountry "RUS"]
[SourceTitle "EXT 2022"]
[Source "ChessBase"]
[SourceDate "2021.10.06"]
[SourceVersion "1"]
[SourceVersionDate "2021.10.06"]
[SourceQuality "1"]

1. b3 e5 2. Bb2 Nc6 3. g3 Nf6 4. Bg2 d5 5. e3 Bd6 6. Nc3 Be6 7. Nge2 Qd7 8. h3 a6 9. f4 exf4 10. Nxf4 Be7 11. Nxe6 fxe6 12. 0-0 Bd6 13. g4 h6 14. Ne2 Be5 15. d4 Bd6 16. c4 0-0 17. a3 Nd8 18. Qd3 c6 19. c5 Bc7 20. Rf2 Nf7 21. Raf1 Ng5 22. Qg6 Nfe4 23. Rxf8+ Rxf8 24. Nf4 Rf6 25. Qh5 Ng3 26. Qh4 Nxf1 27. Kxf1 Bxf4 28. exf4 Rxf4+ 29. Ke2 Ne4 30. Bxe4 Rxe4+ 31. Kd3 Qf7 32. Kc3 Qf3+ 33. Kb4 Re3 34. Qd8+ Kh7 0-1